| 000 | 00900nam a2200289 a 4500 | ||
|---|---|---|---|
| 001 | 37867 | ||
| 003 | BD-RjUL | ||
| 005 | 20211209052659.0 | ||
| 008 | 150804s1995 bg b 000 0 eng | ||
| 020 | _a9840801368 | ||
| 035 | _a(BD-RjUL) 37972 | ||
| 040 |
_aDLC _cDLC _beng _dBD-RjUL |
||
| 041 | _aeng | ||
| 082 |
_a332.1095492 _bHAB 1995 |
||
| 100 | 1 |
_aHassan, Kabir. _9117323 |
|
| 245 | 1 | 0 |
_aBanking and Finance in Bangladesh : _bA Collection of Essays / _cKabir Hassan. |
| 246 | 1 | 4 | _aBanking & finance in Bangladesh |
| 260 |
_aDhaka : _bAcademic Publishers, _cc1995. |
||
| 300 |
_a232 p. ; _c22 cm. |
||
| 504 | _aIncludes bibliographical references. | ||
| 650 | 0 |
_aBanks and banking _zBangladesh. _9117324 |
|
| 650 | 0 |
_aFinance _zBangladesh. _9117325 |
|
| 650 | 0 |
_aFinancial institutions _zBangladesh. _9117326 |
|
| 942 |
_2ddc _cBK |
||
| 999 |
_c37867 _d37867 |
||